Statistiques concernant Les plus grandes villes sur le Rhin

Cliquez ici pour prendre le quiz!

Statistiques générales

  • Ce quiz a été pris 64 fois
  • Le résultat moyen est 7 sur 19

Statistiques - réponses

Population (2015) Pays Ville sur le Rhin (Wahal, Merwede) % Correct
280,000FranceStrasbourg
97%
630,000Pays-BasRotterdam
88%
1,050,000AllemagneCologne
78%
175,000SuisseBâle
74%
605,000AllemagneDüsseldorf
67%
315,000AllemagneBonn
41%
470,000AllemagneDuisbourg
36%
205,000AllemagneMayence
36%
115,000AllemagneCoblence
31%
300,000AllemagneMannheim
29%
310,000AllemagneKarlsruhe
21%
172,000Pays-BasNimègue
17%
275,000AllemagneWiesbaden
17%
154,000Pays-BasArnhem
14%
161,000AllemagneLeverkusen
12%
170,000AllemagneLudwigshafen
12%
118,000Pays-BasDordrecht
7%
152,000AllemagneNeuss
7%
222,000AllemagneKrefeld
5%

Distribution des résultats

Percentile by Number Answered

% des personnes avec chaque résultat

Votre développement - résultats

Vous n’avez pas pris ce quiz